000
00363nam a22001457a 4500
008
230228b |||||||| |||| 00| 0 eng d
020
_a
978-93-5489-777-1
082
_a
813.54
100
_a
Vauhini Vara
245
_a
The Immortal King Rao
260
_b
Fourth Estate,
_c
2022
300
_a
374 p.
_c
23.7 cm
942
_2
ddc
999
_c
9366
_d
9367